アメダス観測点の読み方(東北地方) - Statistics

General Stats
  • This quiz has been taken 68 times
  • The average score is 33 of 50
Answer Stats
観測点 読み方 都道府県 % Correct
弘前 ひろさき 青森県
100%
大鰐 おおわに 青森県
98%
猪苗代 いなわしろ 福島県
98%
六ケ所 ろっかしょ 青森県
95%
雫石 しずくいし 岩手県
95%
米沢 よねざわ 山形県
95%
女川 おながわ 宮城県
95%
蔵王 ざおう 宮城県
95%
鰺ケ沢 あじがさわ 青森県
93%
能代 のしろ 秋田県
93%
五所川原 ごしょがわら 青森県
91%
蟹田 かにた 青森県
91%
七戸 しちのへ 青森県
91%
亘理 わたり 宮城県
91%
野辺地 のへじ 青森県
89%
鷹巣 たかのす 秋田県
89%
小名浜 おなはま 福島県
89%
軽米 かるまい 岩手県
89%
阿仁合 あにあい 秋田県
88%
碇ケ関 いかりがせき 青森県
86%
紫波 しわ 岩手県
82%
酸ケ湯 すかゆ 青森県
80%
大衡 おおひら 宮城県
80%
舘岩 たていわ 福島県
79%
小野新町 おのにいまち 福島県
79%
左沢 あてらざわ 山形県
79%
千厩 せんまや 岩手県
75%
梁川 やながわ 福島県
73%
桧枝岐 ひのえまた 福島県
70%
上山中山 かみのやまなかやま 山形県
70%
狩川 かりかわ 山形県
68%
湯の岱 ゆのたい 秋田県
64%
築館 つきだて 宮城県
61%
鴬沢 うぐいすざわ 宮城県
55%
比立内 ひたちない 秋田県
54%
雄勝 おがつ 宮城県
52%
筆甫 ひっぽ 宮城県
46%
休屋 やすみや 青森県
43%
新川 にっかわ 宮城県
39%
大迫 おおはさま 岩手県
38%
川渡 かわたび 宮城県
34%
葛根田 かっこんだ 岩手県
32%
戸来 へらい 青森県
29%
下戸鎖 しもとくさり 岩手県
21%
温川 ぬるかわ 青森県
20%
差首鍋 さすなべ 山形県
20%
祭畤 まつるべ 岩手県
18%
一方井 いっかたい 岩手県
14%
附馬牛 つきもうし 岩手県
14%
笹子 じねご 秋田県
9%
No matching quizzes found
Score Distribution
Percent of People with Each Score
Percentile by Number Answered
Your Score History
You have not taken this quiz